Địa chất môi trường

Sách giới thiệu tổng quan về địa chất môi trường, đánh giá tác động của môi trường lên cấu tạo cảu vỏ trái đát, các tai biến tự nhiên như động đất, núi lửa, trượt lở và sụt lún; các hoạt động địa chất và tai biến môi trường...

Descrizione completa

Salvato in:
Dettagli Bibliografici
Autore principale: Huỳnh, Thị Minh Hằng
Natura: Libro
Lingua:Undetermined
Pubblicazione: Thành phố Hồ Chí Minh Đại học Quốc gia Thành phố Hồ Chí Minh 2006
Soggetti:
Tags: Aggiungi Tag
Nessun Tag, puoi essere il primo ad aggiungerne! !
Thư viện lưu trữ: Trung tâm Học liệu Trường Đại học Cần Thơ
LEADER 01050nam a2200217Ia 4500
001 CTU_101564
008 210402s9999 xx 000 0 und d
020 |c 28000 
082 |a 551.3 
082 |b H116/2006 
100 |a Huỳnh, Thị Minh Hằng 
245 0 |a Địa chất môi trường 
245 0 |c Huỳnh Thị Minh Hằng 
260 |a Thành phố Hồ Chí Minh 
260 |b Đại học Quốc gia Thành phố Hồ Chí Minh 
260 |c 2006 
520 |a Sách giới thiệu tổng quan về địa chất môi trường, đánh giá tác động của môi trường lên cấu tạo cảu vỏ trái đát, các tai biến tự nhiên như động đất, núi lửa, trượt lở và sụt lún; các hoạt động địa chất và tai biến môi trường 
650 |a Geology,Environmental geology 
650 |x Environmental aspects. 
904 |i Minh, Huỳnh Mai 
980 |a Trung tâm Học liệu Trường Đại học Cần Thơ